| 000 | 01437nam a2200241Ia 4500 | ||
|---|---|---|---|
| 999 |
_c56338 _d56338 |
||
| 001 | 23451 | ||
| 003 | GE_BSU | ||
| 005 | 20220530123450.0 | ||
| 008 | 181216s1971||||ge |||||||||||||| ||geo|| | ||
| 040 | _cGE_BSU | ||
| 041 | _ageo | ||
| 080 | _a94(479.22:560)"15/16" + 355.48(560:55) ს–45 | ||
| 100 |
_aსვანიძე, მიხეილ _95829 |
||
| 245 |
_aსაქართველო-ოსმალეთის ურთიერთობის ისტორიიდან XVI-XVII სს : _b"გურჯისტანის საკითხი" XVI-XVII სს-ის ოსმალეთ-ირანის ომების დროს / _cმიხეილ სვანიძე ; აღმოსავლეთმცოდნეობის ინ-ტი. |
||
| 264 |
_aთბილისი : _bმეცნიერება, _c1971. |
||
| 300 |
_a362 გვ. : _b ილ. ; _c22 სმ.. |
||
| 501 | _aსაძიებლები: გვ. 341-358. | ||
| 520 | _aრეზუმე რუსულ და ფრანგულ ენებზე. | ||
| 653 | _aსაქართველო-ოსმალეთის ურთიერთობის ისტორია - 16-17 სს. | ||
| 653 | _aოსმალეთ-ირანის ომები | ||
| 710 |
_aაღმოსავლეთმცოდნეობის ინსტიტუტი _913884 |
||
| 942 |
_cBK _2udc |
||